| 000 | 00507nam a2200193 a 4500 | ||
|---|---|---|---|
| 001 | 5071 | ||
| 003 | CDMR | ||
| 005 | 20131121103915.0 | ||
| 008 | 130130s1966||||||||||||||||||||||||||||d | ||
| 040 |
_aCDMR _bcat _cCDMR |
||
| 245 | 3 |
_aLa presse d'aujourd'hui _c[J. Gritti...[et al.]] |
|
| 260 |
_aBruxelles _c1966 _bBloud & Gay |
||
| 300 | _a114 p. | ||
| 490 | 0 |
_aMass Media _v1 |
|
| 650 | 0 | 4 |
_93752 _aPremsa _zFrança |
| 650 | 0 | 4 |
_93846 _aDiaris _xCirculació |
| 650 | 0 | 4 |
_93478 _aCultura de massa |
| 942 |
_cMON _2udc |
||
| 999 |
_c5071 _d5071 |
||